1301 1315 1117 1654 1300 1497 1356 1502 1829 1617 1301 1349 1316 1188 1123 1675 1838 1388 1946 1816 1958 1981 1285 1302 1658 1437 1369 1373 1147 1652 1314 1695 1317 1107 1124 1508 1236 1395 1973 1635 1616 1590 1858 1671 1523 1274 1650 1989 1051 1230 1018 1258 1227 1776 1350 1830 1483 1951 1382 1344 1945 1742 1588 1562 1827 1817 1530 1100 1729 1957 1286 1044 1205 1109 1617 1492 1072 1155 1966 1300 1508 1637 1191 1795 1613 1999 1537 1669 1037 1330 1232 1214 1056 1965 1086 1814 1381 1632 1188 BCNSPRNW ULIB Ver.6.0+V

เปลี่ยนเป็นภาษาไทย

Change to English
 แสดงรายละเอียดบรรณานุกรม
  กลับหน้าหลัก

Brief Record : Get Marc (ISO 2709) : E-mail record : QR code < ปิดหน้าต่าง
LEADER : 00000nam 2200000uu 4500
001    13399125186
003     ULIB
008    161104s2558||||th 000 0 tha d
020    ^a9786162832482
050  4 ^aDS578.32.B4^bก441จ
245 00 ^aจดหมายเหตุเฉลิมพระเกียรติ สมเด็จพระบรมโอรสาธิราช เจ้าฟ้ามหาวชิราลงกรณ สยามมกุฎราชกุมาร เนื่องในโอกาสพระราชพิธีมหามงคลเฉลอมพระชนมพรรษา 5 รอบ 28 กรกฏาคม 2555 ^cกรมศิลปากร กระทรงวัฒนธรรม
260    ^aกรุงเทพฯ :^bกรมศิลปากร กระทรงวัฒนธรรม,^c2558
300    ^a452 หน้า :^bภาพประกอบ (ภาพสีบางภาพ) ;^c27 ซม.
710 2  ^aกรมศิลปากร กระทรงวัฒนธรรม
945    ^p0^l0^i001464
999    ^aวรรณษา ชูชัยมงคล
รายการนี้ยังไม่มีแท็ก
คุณยังไม่ได้ล็อกอิน คุณสามารถมีกิจกรรมร่วมกับเว็บไซต์ได้ แต่ต้องล็อกอินก่อน ::
  ล็อกอิน

รายการสื่อสารสนเทศ

ลำดับที่ ประเภท เลขเรียก/บาร์โค้ด สถานที่ สถานะ
1. การศึกษาทั่วไป
การศึกษาทั่วไป
DS578.32.B4 ก441จ ฉ.1 
  Barcode: 001464
ห้องสมุดวิทยาเขตสวรรค์ประชารักษ์
►หนังสือทั่วไป
บนชั้น

BibComment


ยังไม่เคยถูกคอมเมนท์

คอมเมนท์ทรัพยากรรายการนี้
  คอมเมนท์: จดหมายเหตุเฉลิมพ..


 Copyright 2026. Bcnsprnw @Library